| 000 | 00846nam a2200205Ia 4500 | ||
|---|---|---|---|
| 008 | 161108s9999 xx 000 0 und d | ||
| 020 | _a9788429128048 | ||
| 082 | _a333.7 C65i | ||
| 100 | _aCommon, Mick | ||
| 245 |
_aIntroducción a la economía ecológica / _c Mick Common y Sigrid Stagl |
||
| 300 |
_axxix, 562 páginas ; _c 24 cm |
||
| 500 | _aTítulo original: Ecological economics. An introduction \\ Incluye referencias e índice alfabético | ||
| 650 | _aEcologia - Aspectos Economicos / Desarrollo Economico - Aspectos Ambientales / Economia Y Medio Ambiente / Economia Ambiental / Desarrollo Sostenible | ||
| 700 | _aStagl, Sigrid | ||
| 264 |
_aBarcelona : _b Reverté |
||
| 336 |
_atexto _btxt _2rdacontent |
||
| 337 |
_asin mediación _bn _2rdamedia |
||
| 338 |
_avolumen _bnc _2rdacarrier |
||
| 040 |
_aCO-BoRNBP _bspa _erda _cCO-BoRNBP |
||
| 999 |
_c7442 _d7442 |
||